00840nam a2200217 a 450000100100000000500170001000800410002702000150006804000250008308200130010810000380012124500910015926000720025030000270032249000170034950000740036670000300044083000240047095201110049499900170060500004192720201002035833.0131023s1993 sp 000 0 spa d a8488344007 aDO-SdBNPbspacBNPHU axxxbxxx1 aPalma, Ricardo,d1833-191991565710aTradiciones Peruanas /cRicardo Palma ; edición crítica, coordinador Julio Ortega. aMadrid :bConsejo Superior de Investigaciones Científicas,c1993. aXXIX, 658 p. ;c24 cm.1 aArchivosv23 aIncluye referencias bibliográficas y notas al pie de las páginas.12aOrtega, Julioeed.915068 0aArchivosn23968832 001050718MOaGRbGRcCTd2013-10-23iLF1l0oxxx xxxp41927-10r2020-06-25w2020-06-25y1ZNo se presta c41416d41416